MARC

LEADER 00000naa0a2200000 4500
001 650674
005 20250903135844.0
035 |a (RuTPU)RU\TPU\network\15907 
035 |a RU\TPU\network\15906 
090 |a 650674 
100 |a 20161015d2016 k||y0engy50 ba 
101 0 |a eng 
102 |a RU 
135 |a drcn ---uucaa 
181 0 |a i  
182 0 |a b 
200 1 |a Calculation of PR-9 catalyst characteristics under reduced pressure in the reforming unit industrial reactor  |f I. V. Yakupova , E. S. Chernyakova, E. D. Ivanchina 
203 |a Text  |c electronic 
300 |a Title screen 
320 |a [References: p. 355 (2 tit.)] 
463 |t Chemical Reactors (CHEMREACTOR-22)  |o XXII International Conference, September 19-23, 2016, London, United Kingdom  |o abstracts  |v [P. 354-355]  |f Russian Academy of Sciences (RAS), Siberian Branch (SB), Boreskov Institute of Catalysis (BIC) ; University College London ; eds. A. S. Noskov [et al.]  |d 2016 
610 1 |a электронный ресурс 
610 1 |a труды учёных ТПУ 
610 1 |a промышленные реакторы 
610 1 |a каталитическое действие 
610 1 |a характеристики 
700 1 |a Yakupova  |b I. V.  |g Inna Vagizovna 
701 1 |a Chernyakova  |b E. S.  |c chemist  |c Associate Professor of Tomsk Polytechnic University, Candidate of technical sciences  |f 1984-  |g Ekaterina Sergeevna  |3 (RuTPU)RU\TPU\pers\34057  |9 17621 
701 1 |a Ivanchina  |b E. D.  |c chemist  |c Professor of Tomsk Polytechnic University, Doctor of technical sciences  |f 1951-  |g Emilia Dmitrievna  |3 (RuTPU)RU\TPU\pers\31274 
712 0 2 |a Национальный исследовательский Томский политехнический университет (ТПУ)  |b Институт природных ресурсов (ИПР)  |b Кафедра химической технологии топлива и химической кибернетики (ХТТ)  |3 (RuTPU)RU\TPU\col\18665 
801 2 |a RU  |b 63413507  |c 20161114  |g RCR 
856 4 |u http://www.catalysis.ru/resources/institute/Publishing/Report/2016/Abstracts-Chemreactor-22.pdf#page=355 
942 |c CF